Statistiques concernant Intercommunalités du Loiret

Cliquez ici pour prendre le quiz!

Statistiques générales

  • Ce quiz a été pris 11 fois
  • Le résultat moyen est 7 sur 16

Statistiques - réponses

Nombres de CommunesIntercommunalités% Correct
15Agglomération montargoise et rives du Loing
100%
22Orléans Métropole
100%
31Communauté de communes du Pithiverais
91%
11Communauté des communes giennoises
91%
23 (dont 01 dans l'Yonne)Communauté de communes de la Cléry, du Betz et de l'Ouanne
64%
19Communauté de communes du Val de Sully
64%
10Communauté de communes de la Forêt
36%
25 (dont 04 dans le Loir-et-Cher)Communauté de communes des Terres du Val de Loire
36%
38Communauté de communes Canaux et Forêts en Gâtinais
27%
07Communauté de communes des Portes de Sologne
27%
20Communauté de communes du Berry Loire Puisaye
27%
32Communauté de communes du Pithiverais-Gâtinais
27%
19Communauté de communes des Quatre Vallées
18%
23Communauté de communes de la Beauce Loirétaine
9%
15Communauté de communes de la Plaine du Nord Loiret
0%
20Communauté de communes des Loges
0%

Distribution des résultats

Percentile par nombre de réponses

% des personnes avec chaque résultat

Votre développement - résultats

Vous n’avez pas pris ce quiz